LEADER 02078oam 2200565M 450 001 9910716468603321 005 20200213070943.7 035 $a(CKB)5470000002521458 035 $a(OCoLC)1065620523 035 $a(OCoLC)995470000002521458 035 $a(EXLCZ)995470000002521458 100 $a20071213d1927 ua 0 101 0 $aeng 135 $aurcn||||||||| 181 $ctxt$2rdacontent 182 $cc$2rdamedia 183 $acr$2rdacarrier 200 10$aD. George Shorten. February 12, 1927. -- Committed to the Committee of the Whole House and ordered to be printed 210 1$a[Washington, D.C.] :$c[U.S. Government Printing Office],$d1927. 215 $a1 online resource (2 pages) 225 1 $aHouse report / 69th Congress, 2nd session. House ;$vno. 2057 225 1 $a[United States congressional serial set] ;$v[serial no. 8690] 300 $aBatch processed record: Metadata reviewed, not verified. Some fields updated by batch processes. 300 $aFDLP item number not assigned. 606 $aBurglary 606 $aClaims 606 $aLegislative amendments 606 $aPostal service$xLaw and legislation$zUnited States$xCriminal provisions 606 $aPost office buildings 606 $aPostal service$xEquipment and supplies 606 $aPostal service$xEmployees 608 $aLegislative materials.$2lcgft 615 0$aBurglary. 615 0$aClaims. 615 0$aLegislative amendments. 615 0$aPostal service$xLaw and legislation$xCriminal provisions. 615 0$aPost office buildings. 615 0$aPostal service$xEquipment and supplies. 615 0$aPostal service$xEmployees. 701 $aUnderhill$b Charles Lee$f1867-1946$pRepublican (MA)$01386821 801 0$bWYU 801 1$bWYU 801 2$bOCLCO 801 2$bOCLCQ 801 2$bOCLCO 801 2$bOCLCQ 906 $aBOOK 912 $a9910716468603321 996 $aD. George Shorten. February 12, 1927. -- Committed to the Committee of the Whole House and ordered to be printed$93440931 997 $aUNINA LEADER 01759oam 2200541 450 001 9910711965603321 005 20210428153523.0 035 $a(CKB)5470000002488434 035 $a(OCoLC)1089149424 035 $a(EXLCZ)995470000002488434 100 $a20190304d2019 ua 0 101 0 $aeng 135 $aurbn||||a|||| 181 $ctxt$2rdacontent 182 $cc$2rdamedia 183 $acr$2rdacarrier 200 10$aCombating the opioid crisis $ehelping communities balance enforcement and patient safety : hearing before the Subcommittee on Health of the Committee on Energy and Commerce, House of Representatives, One Hundred Fifteenth Congress, second session, February 28, 2018 210 1$aWashington :$cU.S. Government Publishing Office,$d2019. 215 $a1 online resource (vi, 265 page) $cillustrations 300 $a"Serial No. 115-103." 320 $aIncludes bibliographical references. 517 $aCombating the opioid crisis 606 $aOpioids$xOverdose$zUnited States$xPrevention 606 $aOpioid abuse$zUnited States$xPrevention 606 $aOpioids$xSafety measures 607 $aUnited States$2fast 608 $aLegislative hearings.$2lcgft 608 $aLegislative hearings.$2fast 615 0$aOpioids$xOverdose$xPrevention. 615 0$aOpioid abuse$xPrevention. 615 0$aOpioids$xSafety measures. 801 0$bGPO 801 1$bGPO 801 2$bGPO 801 2$bZWU 801 2$bOCLCO 801 2$bCOO 801 2$bOCLCO 801 2$bUPM 801 2$bOCLCO 801 2$bTXR 801 2$bOCLCO 801 2$bOCLCF 801 2$bGPO 906 $aBOOK 912 $a9910711965603321 996 $aCombating the opioid crisis$93475654 997 $aUNINA